| 000 | 01033nam a22002177a 4500 | ||
|---|---|---|---|
| 008 | 090611t xxu||||| |||| 00| 0 eng d | ||
| 022 | _a02602105 | ||
| 082 |
_222 _a327.05 _bREV |
||
| 245 |
_aReview of international studies / _cBritish International Studies Association. |
||
| 260 |
_aLondon : _bCambridge University Press, _cc2008- |
||
| 300 |
_avol. : _bill.; _c24 cm. |
||
| 310 | _aQuarterly. | ||
| 650 | 0 |
_aInternational relations _vPeriodicals. _96080 |
|
| 650 | 0 |
_aInternational law _vPeriodicals. _96081 |
|
| 710 | 1 |
_aBritish International Studies Association. _96082 |
|
| 856 | _whttp://journals.cambridge.org/action/displayJournal?jid=RIS | ||
| 942 |
_2ddc _cJOURNAL _s1 |
||
| 999 |
_c11807 _d11807 |
||